Barrons GRE : How to prepare for the Graduate Record Examination (Record no. 595033)
[ view plain ]
| 000 -LEADER | |
|---|---|
| fixed length control field | 00935nam a22001697a 4500 |
| 020 ## - INTERNATIONAL STANDARD BOOK NUMBER | |
| International Standard Book Number | 0764117696 |
| 040 ## - CATALOGING SOURCE | |
| Transcribing agency | 0 |
| 082 ## - DEWEY DECIMAL CLASSIFICATION NUMBER | |
| Classification number | 378.1662,GRE |
| 100 ## - MAIN ENTRY--PERSONAL NAME | |
| Personal name | Green, Sharon Weiner |
| 9 (RLIN) | 38360 |
| 245 ## - TITLE STATEMENT | |
| Title | Barrons GRE : How to prepare for the Graduate Record Examination |
| Statement of responsibility, etc. | Sharon Weiner Green & Ira Wolf |
| 250 ## - EDITION STATEMENT | |
| Edition statement | 15th Edition |
| 260 ## - PUBLICATION, DISTRIBUTION, ETC. | |
| Place of publication, distribution, etc. | Jahagir Book Depot |
| Name of publisher, distributor, etc. | Lahore |
| Date of publication, distribution, etc. | 2003 |
| 300 ## - PHYSICAL DESCRIPTION | |
| Extent | 536 p |
| 505 ## - FORMATTED CONTENTS NOTE | |
| Formatted contents note | What You Need to Know About the GRE (Page-1), A Diagnostic Test (Page-14), Sentence Completion Questions (Page-66), Analogy Questions (Page-81), Reading Comprehension Question (Page-93), Antonym Questions (Page-), Reviewing Vocabulary (Page-), Quantitative Comparison Questions (Page-), Discrete Quantitative Questions (Page-), Data Interpretation Questions (Page-), Mathematics Review (Page-), Analytical Ability (Page-395), Test Yourself- Five Practice Tests (Page-418). |
| 650 ## - SUBJECT ADDED ENTRY--TOPICAL TERM | |
| Topical term or geographic name entry element | GRE Test |
| 9 (RLIN) | 56287 |
| 942 ## - ADDED ENTRY ELEMENTS (KOHA) | |
| Source of classification or shelving scheme | |
| Koha item type | Book |
| Withdrawn status | Lost status | Source of classification or shelving scheme | Damaged status | Not for loan | Permanent Location | Current Location | Shelving location | Date acquired | Full call number | Barcode | Date last seen | Price effective from | Koha item type | Public note | Total Checkouts | Total Renewals | Date last checked out |
|---|---|---|---|---|---|---|---|---|---|---|---|---|---|---|---|---|---|
| Military College of Signals (MCS) | Military College of Signals (MCS) | General Stacks | 06/27/2023 | 378.1662,GRE | MCS20681 | 06/27/2023 | 06/27/2023 | Book | Almirah No.54, Shelf No.3 | ||||||||
| Military College of Signals (MCS) | Military College of Signals (MCS) | General Stacks | 06/27/2023 | 378.1662,GRE | MCS1005 | 12/31/2024 | 06/27/2023 | Book | Almirah No.54, Shelf No.3 | 2 | 1 | 12/02/2024 |
